<?xml version="1.0" encoding="UTF-8"?>
<collection xmlns:xsi="http://www.w3.org/2001/XMLSchema-instance" xsi:schemaLocation="http://www.loc.gov/MARC21/slim http://www.loc.gov/standards/marcxml/schema/MARC21slim.xsd" xmlns="http://www.loc.gov/MARC21/slim">
 <record>
  <leader>00000nam a22000004a 4500</leader>
  <controlfield tag="001">UP-1685675941131476477</controlfield>
  <controlfield tag="003">Buklod</controlfield>
  <controlfield tag="005">20250513151424.0</controlfield>
  <controlfield tag="006">m    |o  d |      </controlfield>
  <controlfield tag="007">ta</controlfield>
  <controlfield tag="008">231017s2023    xxu     r    |||| u|eng d</controlfield>
  <datafield tag="040" ind1=" " ind2=" ">
   <subfield code="a">DARC</subfield>
   <subfield code="e">rda</subfield>
  </datafield>
  <datafield tag="041" ind1=" " ind2=" ">
   <subfield code="a">eng</subfield>
  </datafield>
  <datafield tag="090" ind1=" " ind2=" ">
   <subfield code="a">LG 993.5 2023 T73</subfield>
   <subfield code="b">C378</subfield>
  </datafield>
  <datafield tag="100" ind1="1" ind2=" ">
   <subfield code="a">Castillo, Airish</subfield>
   <subfield code="e">author.</subfield>
  </datafield>
  <datafield tag="245" ind1="1" ind2="0">
   <subfield code="a">Applying extended urban metabolism approach and sustainability indicators for the slum upgrading in Barangay Kamuning, Quezon City</subfield>
   <subfield code="c">Airish Castillo ; Franklin S. Fontanoza, Jr., adviser. </subfield>
  </datafield>
  <datafield tag="264" ind1=" " ind2="1">
   <subfield code="a">Quezon City </subfield>
   <subfield code="b">College of Architecture, University of the Philippines Diliman</subfield>
   <subfield code="c">June 2023.</subfield>
  </datafield>
  <datafield tag="300" ind1=" " ind2=" ">
   <subfield code="a">xiv, 303 leaves</subfield>
   <subfield code="b">illustrations (some color)</subfield>
   <subfield code="c">28 cm.</subfield>
  </datafield>
  <datafield tag="336" ind1=" " ind2=" ">
   <subfield code="a">text</subfield>
   <subfield code="2">rdacontent</subfield>
  </datafield>
  <datafield tag="337" ind1=" " ind2=" ">
   <subfield code="a">unmediated</subfield>
   <subfield code="2">rdamedia</subfield>
  </datafield>
  <datafield tag="338" ind1=" " ind2=" ">
   <subfield code="a">volume</subfield>
   <subfield code="2">rdacarrier</subfield>
  </datafield>
  <datafield tag="500" ind1=" " ind2=" ">
   <subfield code="a">Include appendices</subfield>
  </datafield>
  <datafield tag="502" ind1=" " ind2=" ">
   <subfield code="a">Thesis (Bachelor of Landscape Architecture) -- University of the Philippines Diliman</subfield>
   <subfield code="d">June 2023.</subfield>
  </datafield>
  <datafield tag="520" ind1="3" ind2=" ">
   <subfield code="a">In the 1970s, the slum upgrading approach was embraced by the Philippine government in response to the shelter dilemma facing the urban poor. However, rapid urbanization has led to the proliferation of slum areas in major cities, including Quezon City. One of the significant slum areas in the city is found in Barangay Kamuning, specifically the Bernardo Park area where this thesis is focused on. Meanwhile, cities nowadays including slum settlements are based on linear metabolisms contributing to different impacts such as the high dependency on non-renewable ones. In this context, this thesis aims to apply the Extended Urban Metabolism &amp; Sustainability Indicators to seek spatial planning solutions to improve living conditions of dwellers in Barangay Kamuning’s slum settlement.&#13;
The sequential explanatory approach was used in the study with quantitative approach (i.e. Life Cycle Assessment) being the first stage of data collection then supported by the qualitative approach (i.e. in-depth semi structured interviews with stakeholders to make the study as participatory as possible). The gathered data was used in generating plans to be applied elsewhere in the city or in other slum settlements with similar landscape characteristics. The study's findings reveal the environmental impact of Quezon City's metabolism, with depletion of abiotic resources, particularly fossil fuels, was identified as the most significant impact category. The identified categories then served as Sustainability Indicators, enabling targeted interventions to enhance the city's environmental sustainability with the aim of improving the liveability conditions of slum dwellers. The study's assessment provides valuable insights for policymakers, urban planners, and relevant stakeholders in prioritizing efforts towards a more sustainable city metabolism in slum upgrading.</subfield>
  </datafield>
  <datafield tag="650" ind1=" " ind2="0">
   <subfield code="a">City planning</subfield>
   <subfield code="z">Kamuning (Quezon City).</subfield>
  </datafield>
  <datafield tag="650" ind1=" " ind2="0">
   <subfield code="a">Slums</subfield>
   <subfield code="z">Kamuning (Quezon City).</subfield>
  </datafield>
  <datafield tag="650" ind1=" " ind2="0">
   <subfield code="a">Sustainability</subfield>
   <subfield code="z">Kamuning (Quezon City).</subfield>
  </datafield>
  <datafield tag="650" ind1=" " ind2="0">
   <subfield code="a">Urban renewal</subfield>
   <subfield code="z">Kamuning (Quezon City).</subfield>
  </datafield>
  <datafield tag="700" ind1="1" ind2=" ">
   <subfield code="a">Fontanoza, Franklin Jr. S. </subfield>
   <subfield code="e">thesis adviser.</subfield>
  </datafield>
  <datafield tag="842" ind1=" " ind2=" ">
   <subfield code="a">Thesis</subfield>
  </datafield>
  <datafield tag="905" ind1=" " ind2=" ">
   <subfield code="a">FI</subfield>
  </datafield>
  <datafield tag="852" ind1="0" ind2=" ">
   <subfield code="a">UPD</subfield>
   <subfield code="b">DARC</subfield>
   <subfield code="h">LG 993.5 2023 T73</subfield>
   <subfield code="i">C378</subfield>
  </datafield>
  <datafield tag="942" ind1=" " ind2=" ">
   <subfield code="a">Thesis</subfield>
  </datafield>
 </record>
</collection>
